|
|
|
|
| LEADER |
00000nam0a2200000 4500 |
| 001 |
681622 |
| 005 |
20250910085618.0 |
| 090 |
|
|
|a 681622
|
| 100 |
|
|
|a 20250909d1973 k||y0rusy50 ca
|
| 101 |
0 |
|
|a rus
|
| 102 |
|
|
|a UA
|
| 105 |
|
|
|a a z 101yy
|
| 181 |
|
0 |
|a i
|b e
|
| 182 |
|
0 |
|a n
|
| 183 |
|
0 |
|a nc
|2 RDAcarrier
|
| 200 |
1 |
|
|a Полуметаллы и полупроводники с узкими запрещенными зонами
|e материалы III Всесоюзного симпозиума
|f Львовский государственный университет
|
| 203 |
|
|
|a Текст
|b визуальный
|c непосредственный
|
| 210 |
|
|
|a Львов
|c Б. и.
|d 1973
|
| 215 |
|
|
|a 173 с.
|c ил.
|
| 283 |
|
|
|a volume
|2 RDAcarrier
|
| 320 |
|
|
|a Литература в конце статей
|
| 606 |
|
|
|a Полупроводники
|x Физика
|9 69274
|
| 610 |
1 |
|
|a полуметаллы
|
| 610 |
1 |
|
|a полупроводники с узкими запрещенными зонами
|
| 610 |
1 |
|
|a свойства
|
| 610 |
1 |
|
|a исследование
|
| 610 |
1 |
|
|a явления
|
| 610 |
1 |
|
|a теоретические изыскания
|
| 610 |
1 |
|
|a рост
|
| 610 |
1 |
|
|a термодинамика
|
| 610 |
1 |
|
|a дефектообразование
|
| 610 |
1 |
|
|a структура
|
| 610 |
1 |
|
|a примеси
|
| 610 |
1 |
|
|a симпозиумы
|
| 675 |
|
|
|a 621.315.59:53(063)
|v 4
|
| 712 |
0 |
2 |
|a Львовский государственный университет
|4 570
|9 25444
|
| 712 |
1 |
2 |
|a Полуметаллы и полупроводники с узкими запрещенными зонами
|c симпозиум
|d 3
|e Львов
|f [1973]
|
| 801 |
|
0 |
|a RU
|b 63413507
|c 20250910
|
| 830 |
|
|
|a Ретро2025Каталогизация Шило
|
| 850 |
|
|
|a 63413507
|
| 942 |
|
|
|c BK
|